000 02308nam a2200421 a 4500
003 CHAP
005 20251201141825.0
007 cr ||||||aaaaa
008 101108s2010 mx r 00010 spa d
035 _a111352
040 _cCHAP
090 _aTesis
100 1 _aAmador Rosas, Ma. Guadalupe
_95084
245 1 0 _aCobertura de aspersión proporcionada por la boquilla TJ-60 8004 con diferentes cantidades de paja sobre el suelo
_c/por Ma. Guadalupe Amador Rosas; director Roberto Abraham Ocampo Ruiz
264 1 _aChapingo, Méx. :
_bEl autor,
_c2010.
300 _a1recurso en línea (38 páginas):
_bcuadros, figuras
336 _2rdacontent
_atexto
_btxt
337 _2rdamedia
_acomputadora
_bc
338 _2rdacarrier
_arecursos en línea
_bcr
502 _bIAEPA
_cParasitología
_d2010
_gLIC
520 _aEl objetivo del estudio fue determinar la cobertura de aspersión proporcionada por la punta TJ-60 8004 a diferentes volúmenes de aplicación y cuando el suelo está cubierto con diferentes cantidades de paja de trigo. El equipo empleado fue un aspersor de precisión con el que se aplicó agua con colorante Rhodhamina Mardupol, sobre una superficie cubierta con diferentes cantidades de paja de trigo. Las manchas dejadas por las gotas fueron digitalizadas por medio de un escáner y cuantificadas usando el programa analizador de imágenes Image Tool. Los resultados muestran que la punta TJ-60 8004 presentan, una cobertura de 8.5 a 32.9%, obteniéndose las coberturas más altas con volúmenes de aplicación mayores a 400 L ha-1 y a menor cantidad de paja sobre el suelo.
590 _aALEPH
_b10
_c20130110
590 _aBATCH-UPD
_b10
_c20130110
590 _aBATCH-UPD
_b10
_c20140324
590 _aBATCH-UPD
_b10
_c20141002
590 _aBATCH
_b00
_c20181121
590 _aCONVERSION
_b10
_c20130109
650 0 4 _aBoquillas.
_913816
650 0 4 _aPaja de Trigo.
_984778
700 0 _aOcampo Ruiz, Roberto Abraham
_982612
_eDirector
856 _uhttp://10.13.5.2/tesis/111352.pdf
_zDESCARGAR PDF
901 _aBK
942 _cTD
_2Clasificación Universidad Autónoma Chapingo
949 _bBC
_cTES
_d33724002219446
_eTS2
_fc.2
_gDonaciØn
_h51414
_i111352
_sb
949 _bBC
_cTES
_d33724002219488
_eTS1
_gDonaciØn
_h51413
_i111352
_sb
999 _c99694
_d99694